[Event "European Youth Chess Championship G12"]
[Site "Prague, Top Hotel Prague"]
[Date "2016.08.22"]
[Round "5.19"]
[White "Goraj, Barbara"]
[Black "Dgebuadze, Marie"]
[Result "1-0"]
[WhiteElo "1619"]
[BlackElo "1449"]
[PlyCount "89"]
[EventDate "2016.08.18"]

1. e4 c5 2. Nf3 e6 3. d4 cxd4 4. Nxd4 a6 5. Bd3 Qc7 6. O-O Nc6 7. Be3 Nf6 8. c4
d6 9. Nc3 Be7 10. a3 O-O 11. b4 Nxd4 12. Bxd4 e5 13. Be3 Be6 14. Rc1 Rac8 15.
f3 Nd7 16. Na4 f5 17. exf5 Bxf5 18. Bxf5 Rxf5 19. Qd3 Rff8 20. c5 dxc5 21. Nxc5
Nxc5 22. Bxc5 Kh8 23. Bxe7 Qxe7 24. Rxc8 Rxc8 25. Re1 Qc7 26. Qe3 Re8 27. Rc1
Qd6 28. h3 Qd4 29. Qxd4 exd4 30. Rc4 Rd8 31. Kf2 d3 32. Ke1 d2+ 33. Kd1 h6 34.
a4 Rd3 35. Rc7 Ra3 36. a5 Ra1+ 37. Kxd2 Ra2+ 38. Rc2 Rxc2+ 39. Kxc2 Kg8 40. Kd3
Kf7 41. Kd4 Ke6 42. Kc5 Kd7 43. Kb6 Kc8 44. f4 g6 45. g4 1-0

[Event "European Youth Chess Championship G12"]
[Site "Prague, Top Hotel Prague"]
[Date "2016.08.22"]
[Round "5.20"]
[White "Pisova, Petra"]
[Black "Juhasz, Judit"]
[Result "0-1"]
[WhiteElo "1555"]
[BlackElo "1927"]
[PlyCount "72"]
[EventDate "2016.08.18"]

1. e4 c5 2. Nc3 Nc6 3. g3 g6 4. Bg2 Bg7 5. d3 e6 6. f4 Nge7 7. Nf3 d6 8. O-O
O-O 9. Kh1 Nd4 10. Be3 f5 11. Qd2 Rb8 12. Qf2 Nec6 13. Rab1 b5 14. Nd1 Bd7 15.
c3 Nxf3 16. Bxf3 b4 17. e5 Qa5 18. cxb4 Nxb4 19. Nc3 dxe5 20. Rfd1 Rfc8 21. a3
Na6 22. Bd2 Qd8 23. Qg2 Rb3 24. Kg1 Rcb8 25. Be3 Qb6 26. Rdc1 Rxb2 27. Rxb2
Qxb2 28. Rc2 Qxa3 29. Bc1 Qa5 30. Bd2 Qb6 31. Qe2 Qd6 32. Ra2 Nb4 33. Rxa7 c4
34. Kf1 cxd3 35. Qd1 e4 36. Bg2 e3 0-1

[Event "European Youth Chess Championship G12"]
[Site "Prague, Top Hotel Prague"]
[Date "2016.08.22"]
[Round "5.21"]
[White "Guillo, Longares Cecilia"]
[Black "Tryggestad, Linnea Garberg"]
[Result "1/2-1/2"]
[WhiteElo "1845"]
[BlackElo "1528"]
[PlyCount "81"]
[EventDate "2016.08.18"]

1. d4 Nf6 2. c4 g6 3. g3 Bg7 4. Bg2 d5 5. cxd5 Nxd5 6. e4 Nb6 7. Ne2 c5 8. d5
O-O 9. O-O e6 10. Nbc3 exd5 11. exd5 Bf5 12. b3 Na6 13. Be3 Rc8 14. Rc1 c4 15.
Nb5 Bb2 16. d6 Bxc1 17. Nxc1 cxb3 18. axb3 Bd7 19. Nxa7 Ra8 20. Qd4 Rxa7 21.
Bh6 f6 22. Bd5+ Nxd5 23. Bxf8 Ra8 24. Qxd5+ Kxf8 25. Qxb7 Qc8 26. Qe4 Qc6 27.
Qh4 Kg7 28. Rd1 Qf3 29. Rd3 Qg4 30. Qxg4 Bxg4 31. Re3 Kf8 32. f3 Rc8 33. fxg4
Rxc1+ 34. Kf2 Rd1 35. Re6 Kf7 36. Re7+ Kf8 37. Re6 Kf7 38. Re7+ Kf8 39. Re6 Kf7
40. Re7+ Kf8 41. Re6 1/2-1/2

[Event "European Youth Chess Championship G12"]
[Site "Prague, Top Hotel Prague"]
[Date "2016.08.22"]
[Round "5.22"]
[White "Anghel, Maria"]
[Black "Desai, Nilomi"]
[Result "1-0"]
[WhiteElo "1821"]
[BlackElo "1511"]
[PlyCount "99"]
[EventDate "2016.08.18"]

1. d4 d5 2. Nf3 c6 3. c4 Nf6 4. Nbd2 Bf5 5. Nh4 Bg4 6. h3 Bh5 7. g4 Bg6 8. Nxg6
hxg6 9. e3 e6 10. Bg2 g5 11. b3 Nbd7 12. Bb2 Be7 13. Qe2 Qa5 14. O-O Qc7 15.
Rfe1 O-O 16. a3 Rac8 17. b4 Rfe8 18. Rac1 Qb8 19. Rc2 Bf8 20. Rb1 b5 21. cxb5
cxb5 22. Rbc1 a6 23. Nb3 Rxc2 24. Qxc2 Be7 25. Nc5 Nxc5 26. bxc5 Qc7 27. Bc3
Rb8 28. Rb1 Bd8 29. Qb2 Be7 30. Qc2 Bd8 31. Rb2 Qc6 32. a4 Rb7 33. Qb1 Ne8 34.
Bf1 Nc7 35. Ba5 f6 36. axb5 axb5 37. Bxb5 Rxb5 38. Rxb5 Nxb5 39. Bxd8 Kf7 40.
Bb6 g6 41. Qb4 f5 42. Bd8 fxg4 43. hxg4 Nc7 44. Qb6 Qxb6 45. cxb6 Na6 46. Bxg5
Ke8 47. Bf4 Kd7 48. b7 Ke7 49. b8=Q Nxb8 50. Bxb8 1-0

[Event "European Youth Chess Championship G12"]
[Site "Prague, Top Hotel Prague"]
[Date "2016.08.22"]
[Round "5.23"]
[White "Somton, Anita"]
[Black "Vozarova, Adriana"]
[Result "1-0"]
[WhiteElo "1753"]
[BlackElo "1500"]
[PlyCount "49"]
[EventDate "2016.08.18"]

1. d4 d5 2. c4 c6 3. Nf3 Nf6 4. e3 e6 5. b3 Be7 6. Bb2 Nbd7 7. Bd3 O-O 8. O-O
b6 9. Nbd2 Bb7 10. Ne5 c5 11. f4 Rc8 12. Ndf3 h6 13. Rc1 Nxe5 14. Nxe5 Nd7 15.
Qh5 Nxe5 16. fxe5 Bg5 17. Rce1 Qc7 18. h4 Be7 19. Rf4 f5 20. Qg6 Qc6 21. Rg4
Rf7 22. cxd5 Qxd5 23. e4 Qc6 24. exf5 exf5 25. e6 1-0

[Event "European Youth Chess Championship G12"]
[Site "Prague, Top Hotel Prague"]
[Date "2016.08.22"]
[Round "5.24"]
[White "Sleurs, Juliette"]
[Black "Toncheva, Nadya"]
[Result "1-0"]
[WhiteElo "1479"]
[BlackElo "1689"]
[PlyCount "75"]
[EventDate "2016.08.18"]

1. Nf3 d5 2. g3 c6 3. Bg2 Nf6 4. O-O Bf5 5. d3 h6 6. Nbd2 e6 7. b3 Be7 8. Bb2
O-O 9. c4 Nbd7 10. Rc1 Qc7 11. Rc2 Rad8 12. Qa1 c5 13. cxd5 exd5 14. Rfc1 Rfe8
15. Ne5 Nxe5 16. Bxe5 Qc6 17. Bd4 b6 18. b4 c4 19. Nxc4 Qe6 20. Ne5 Rc8 21. Nc6
Bf8 22. Bxf6 gxf6 23. Qd4 h5 24. Qxd5 Qxd5 25. Bxd5 Rc7 26. Bf3 Bh6 27. Rb1
Rec8 28. b5 Kh8 29. Bxh5 a6 30. bxa6 Bd7 31. Rxb6 Bxc6 32. a7 Kg7 33. Rbxc6
Rxc6 34. Rxc6 Ra8 35. Ra6 Bd2 36. Bf3 Rc8 37. a8=Q Rc1+ 38. Kg2 1-0

[Event "European Youth Chess Championship G12"]
[Site "Prague, Top Hotel Prague"]
[Date "2016.08.22"]
[Round "5.25"]
[White "Babineca, Darja"]
[Black "Hertlein, Irena"]
[Result "0-1"]
[WhiteElo "1686"]
[BlackElo "1488"]
[PlyCount "100"]
[EventDate "2016.08.18"]

1. e4 d5 2. exd5 Qxd5 3. Nc3 Qd6 4. d4 Nf6 5. Nf3 c6 6. Be2 Bf5 7. O-O Nbd7 8.
Re1 e6 9. h3 Be7 10. Bd3 Bxd3 11. Qxd3 Qc7 12. Be3 O-O 13. Rad1 Rfd8 14. Qd2
Rac8 15. Bf4 Bd6 16. Bxd6 Qxd6 17. Ne4 Qc7 18. Qe3 Qa5 19. a3 Nxe4 20. Qxe4 Nf6
21. Qe5 Rd5 22. Qe3 Rcd8 23. c4 R5d6 24. Rd3 h6 25. Red1 Qa6 26. Rc3 c5 27. b4
Qa4 28. Rdd3 cxb4 29. axb4 Qxb4 30. Rb3 Qxc4 31. Rxb7 R6d7 32. Ne5 Qxd3 33.
Qxd3 Rxb7 34. Kh2 Ra8 35. Qf3 Nd5 36. Nd3 a5 37. Nf4 Rd7 38. Qe4 Ra6 39. Nd3
Rda7 40. Nc5 Rb6 41. Na4 Rb4 42. Nc5 Rb6 43. Na4 Rb4 44. Nc5 Nf6 45. Qe3 a4 46.
Nxe6 fxe6 47. Qxe6+ Kh8 48. Qc8+ Ng8 49. d5 a3 50. Qc3 Rb1 0-1

[Event "European Youth Chess Championship G12"]
[Site "Prague, Top Hotel Prague"]
[Date "2016.08.22"]
[Round "5.26"]
[White "Vorobyova, Ekaterina"]
[Black "Rahulan, Thivyaa"]
[Result "1-0"]
[WhiteElo "1686"]
[BlackElo "1428"]
[PlyCount "41"]
[EventDate "2016.08.18"]

1. e4 d5 2. exd5 Nf6 3. Bb5+ Bd7 4. Bc4 Bg4 5. f3 Bf5 6. c3 Nxd5 7. Qb3 e6 8.
Qxb7 Nb6 9. Bb5+ N8d7 10. Ne2 e5 11. O-O a5 12. d4 Rb8 13. Bxd7+ Nxd7 14. Qd5
Bd3 15. Re1 Rb5 16. Qc6 Be7 17. Nd2 Qb8 18. f4 e4 19. c4 Rb6 20. Qd5 Qa7 21.
Nxe4 $138 1-0

[Event "European Youth Chess Championship G12"]
[Site "Prague, Top Hotel Prague"]
[Date "2016.08.22"]
[Round "5.27"]
[White "Van Den Brink, Nienke"]
[Black "Ramaiya, Arushi"]
[Result "0-1"]
[WhiteElo "1612"]
[BlackElo "1468"]
[PlyCount "66"]
[EventDate "2016.08.18"]

1. e4 e5 2. Bc4 Nf6 3. d4 exd4 4. e5 d5 5. Bb5+ Bd7 6. Qe2 Ne4 7. Nf3 Bb4+ 8.
Nbd2 Nxd2 9. Bxd7+ Nxd7 10. Bxd2 Bxd2+ 11. Qxd2 O-O 12. Qxd4 Re8 13. O-O-O c6
14. h4 Qb6 15. Qf4 Qxf2 16. Rdf1 Qc5 17. h5 d4 18. Qf5 Rad8 19. Ng5 Nxe5 20.
Qxh7+ Kf8 21. h6 Nd3+ 22. Qxd3 Qxg5+ 23. Qd2 Qxd2+ 24. Kxd2 gxh6 25. Rxh6 Kg7
26. Rfh1 Rh8 27. Rxh8 Rxh8 28. Rxh8 Kxh8 29. Kd3 c5 30. Kc4 b6 31. Kb5 Kg7 32.
Ka6 c4 33. Kxa7 d3 0-1

[Event "European Youth Chess Championship G12"]
[Site "Prague, Top Hotel Prague"]
[Date "2016.08.22"]
[Round "5.28"]
[White "Kostina, Veronika"]
[Black "Lhotska, Anna"]
[Result "1-0"]
[WhiteElo "1309"]
[BlackElo "1611"]
[PlyCount "107"]
[EventDate "2016.08.18"]

1. e4 c5 2. c3 d5 3. exd5 Qxd5 4. d4 Nf6 5. Nf3 Bg4 6. Be2 e6 7. h3 Bh5 8. O-O
Nc6 9. Be3 cxd4 10. Nxd4 Bxe2 11. Qxe2 Be7 12. Rd1 Nxd4 13. Bxd4 Rd8 14. Na3
Qa5 15. Nc4 Qa6 16. b3 O-O 17. Rd3 Nd5 18. Qg4 Bf6 19. Rg3 Bxd4 20. Qxd4 f6 21.
Qg4 Rf7 22. Rd3 Rfd7 23. Rad1 Qc6 24. Qe4 Nb6 25. Qxc6 bxc6 26. Rxd7 Rxd7 27.
Rxd7 Nxd7 28. Kf1 Kf7 29. Ke2 e5 30. Na5 Nb8 31. Kd3 Ke6 32. Kc4 Kd6 33. Nb7+
Kc7 34. Nc5 Kd6 35. a4 f5 36. f3 g5 37. g4 fxg4 38. hxg4 h6 39. Ne4+ Ke6 40.
Kc5 Ke7 41. b4 Ke6 42. b5 cxb5 43. axb5 Nd7+ 44. Kc6 Nb6 45. Kb7 Kd5 46. Kxa7
Nd7 47. b6 Nxb6 48. Kxb6 Kc4 49. Kc6 Kd3 50. Kd5 Ke3 51. Kxe5 Kxf3 52. Kf5 Ke3
53. Nxg5 hxg5 54. Kxg5 1-0

[Event "European Youth Chess Championship G12"]
[Site "Prague, Top Hotel Prague"]
[Date "2016.08.22"]
[Round "5.30"]
[White "Dvorakova, Olga"]
[Black "Urbanc, Tina"]
[Result "1-0"]
[WhiteElo "1601"]
[BlackElo "1419"]
[PlyCount "193"]
[EventDate "2016.08.18"]

1. e4 b6 2. d4 Bb7 3. Bd3 e6 4. Qe2 Nf6 5. Nf3 d5 6. e5 Ne4 7. O-O Be7 8. Ne1
h6 9. Qg4 g6 10. f3 h5 11. Qh3 Ng5 12. Bxg5 Bxg5 13. f4 Be7 14. Nf3 g5 15. fxg5
Bxg5 16. Nxg5 Qxg5 17. Qf3 Qg7 18. Nd2 Nd7 19. Rf2 c5 20. c3 Ke7 21. Raf1 Raf8
22. Qe3 Rhg8 23. Be2 Qg6 24. Bd3 Qg5 25. Qe2 c4 26. Bc2 Rg7 27. Rf3 h4 28. Rh3
Rfg8 29. Rf2 Rh8 30. Qf3 Rhg8 31. Kh1 b5 32. Bd1 Rh8 33. Qf4 Qxf4 34. Rxf4 Rhg8
35. Bf3 Nb6 36. b3 cxb3 37. axb3 Rc8 38. Nb1 Ba6 39. Be2 Rcg8 40. Bf1 Rg4 41.
Rxh4 R4g6 42. Rf2 Nd7 43. Rhf4 R6g7 44. Ra2 Bb7 45. Bxb5 a6 46. Bf1 f6 47.
exf6+ Nxf6 48. Nd2 Nh5 49. Rf3 Nf6 50. h3 Nh5 51. g4 Nf6 52. Bg2 Rh8 53. Kg1
Rc8 54. Re3 Ra8 55. Ra5 Kd6 56. c4 Rgg8 57. Bf3 Rh8 58. Kg2 Rag8 59. c5+ Kd7
60. Be2 Ra8 61. Ra1 a5 62. Rf1 Ke7 63. g5 Ne4 64. Nxe4 dxe4 65. Kg3 a4 66. Ra1
axb3 67. Rxa8 Bxa8 68. Rxb3 Bd5 69. Rb6 Kd7 70. Bb5+ Kc7 71. Be2 Ra8 72. Rb2
Ra3+ 73. Kg4 Ra4 74. Rd2 Kd8 75. Kf4 Ke7 76. h4 Kf7 77. Bf1 Ra1 78. Bg2 Re1 79.
Rc2 Ra1 80. c6 Ke7 81. c7 Bb7 82. Bxe4 Rf1+ 83. Kg4 Bc8 84. Bd3 e5+ 85. Kh5 Re1
86. dxe5 Rxe5 87. Re2 Rxe2 88. Bxe2 Kd6 89. Bg4 Bxg4+ 90. Kxg4 Kxc7 91. Kf5 Kd7
92. Kf6 Ke8 93. Kg7 Ke7 94. h5 Ke6 95. h6 Kf5 96. h7 Kxg5 97. h8=Q 1-0

[Event "European Youth Chess Championship G12"]
[Site "Prague, Top Hotel Prague"]
[Date "2016.08.22"]
[Round "5.31"]
[White "Lomaia, Diana"]
[Black "Lobanova, Milana"]
[Result "1-0"]
[WhiteElo "1593"]
[BlackElo "1348"]
[PlyCount "107"]
[EventDate "2016.08.18"]

1. e4 c5 2. Nf3 g6 3. d4 cxd4 4. Nxd4 Bg7 5. Nc3 d6 6. g3 Nf6 7. Bg2 O-O 8. O-O
Nbd7 9. Nde2 Nc5 10. Nf4 Rb8 11. a4 a6 12. Qe2 Bd7 13. Rd1 b5 14. axb5 axb5 15.
h3 b4 16. Ncd5 Nxd5 17. Nxd5 Bb5 18. Qf3 Ba4 19. Qe2 b3 20. c4 Qd7 21. Be3 Qe8
22. Kh2 e6 23. Nf4 Bc6 24. Rxd6 Nxe4 25. Bxe4 Bxe4 26. Ba7 Ra8 27. Qxe4 Qe7 28.
Rda6 Qd7 29. Qe2 Qb7 30. c5 Rfc8 31. Bb6 Bf8 32. Rxa8 Rxa8 33. Rxa8 Qxa8 34.
Qc4 Qa2 35. Nd3 Bg7 36. c6 Qa8 37. c7 Qc8 38. Qxb3 h5 39. Qc4 g5 40. Nc5 Be5
41. Qa6 Qxa6 42. Nxa6 Bxc7 43. Bxc7 f5 44. b4 Kf7 45. b5 Ke7 46. b6 Kd7 47. b7
Kc6 48. b8=Q Kd7 49. Qb6 e5 50. Bxe5 Ke7 51. Qd6+ Ke8 52. Qc7 Kf8 53. Bf6 Kg8
54. Qg7# 1-0

[Event "European Youth Chess Championship G12"]
[Site "Prague, Top Hotel Prague"]
[Date "2016.08.22"]
[Round "5.32"]
[White "Efendieva, Alina"]
[Black "Sawhney, Anisha"]
[Result "1-0"]
[WhiteElo "1589"]
[BlackElo "1301"]
[PlyCount "81"]
[EventDate "2016.08.18"]

1. e4 e5 2. Nf3 Nc6 3. Bb5 f5 4. d3 fxe4 5. dxe4 Nf6 6. O-O Bc5 7. Bg5 O-O 8.
Bxf6 Rxf6 9. Qd5+ Kh8 10. Qxc5 Rxf3 11. gxf3 Nd4 12. f4 d6 13. Qc3 c6 14. Kh1
cxb5 15. fxe5 dxe5 16. Qd3 Qh4 17. f4 Bh3 18. Rg1 Rd8 19. fxe5 Nb3 20. Qe2 Nxa1
21. Nc3 Nxc2 22. Qxc2 Qh5 23. Qf2 Bg4 24. Rg3 b4 25. Nd5 Qg6 26. Qf4 h5 27. h3
Qh7 28. hxg4 hxg4+ 29. Kg2 Rc8 30. Qxg4 Rc2+ 31. Kf3 Qh1+ 32. Ke3 Qe1+ 33. Kf4
Qd2+ 34. Kf5 Qh6 35. Qg6 Rf2+ 36. Ke6 Qxg6+ 37. Rxg6 Rxb2 38. Rg3 Rxa2 39. Rh3+
Kg8 40. Ne7+ Kf8 41. Rh8# 1-0

[Event "European Youth Chess Championship G12"]
[Site "Prague, Top Hotel Prague"]
[Date "2016.08.22"]
[Round "5.33"]
[White "Bilic, Marijana"]
[Black "Katter, Katharina"]
[Result "0-1"]
[WhiteElo "1739"]
[BlackElo "1380"]
[PlyCount "52"]
[EventDate "2016.08.18"]

1. e4 e5 2. Nf3 Nc6 3. d4 exd4 4. Nxd4 Nf6 5. Nxc6 bxc6 6. e5 Nd5 7. c4 Ne7 8.
Bd3 Ng6 9. O-O d6 10. exd6 Bxd6 11. Re1+ Be6 12. Be4 O-O 13. Nd2 Ne5 14. c5
Bxc5 15. Bxh7+ Kxh7 16. Qc2+ Nd3 17. Re2 Kg8 18. Ne4 Bb6 19. Ng5 Bf5 20. Qb3
Qd5 21. Qxd5 cxd5 22. Rd2 Rfe8 23. Nf3 Re7 24. h3 Rae8 25. b3 Re2 26. Rxe2 Rxe2
0-1

[Event "European Youth Chess Championship G12"]
[Site "Prague, Top Hotel Prague"]
[Date "2016.08.22"]
[Round "5.34"]
[White "Koksa, Jelena"]
[Black "Garau, Francesca"]
[Result "1-0"]
[WhiteElo "1463"]
[BlackElo "1621"]
[PlyCount "119"]
[EventDate "2016.08.18"]

1. e4 c6 2. Nc3 d5 3. Nf3 dxe4 4. Nxe4 Nf6 5. Ng3 e6 6. Bc4 Bd6 7. d4 O-O 8.
Be3 Nbd7 9. Qd2 Nb6 10. Bb3 Nbd5 11. a3 Qc7 12. Bxd5 Nxd5 13. Ne2 b6 14. c4
Nxe3 15. fxe3 Rd8 16. O-O Bb7 17. Nc3 Rd7 18. Ne4 Be7 19. Ne5 Rdd8 20. Nxf7 Rf8
21. Nfg5 Qd7 22. Nf3 Rad8 23. Qc2 h6 24. Ne5 Qe8 25. Rxf8+ Bxf8 26. Nc3 Bd6 27.
Nf3 Qh5 28. Qe4 Qf5 29. Qxf5 exf5 30. Nh4 f4 31. e4 Be7 32. Nf3 a5 33. Re1 Re8
34. d5 cxd5 35. Nxd5 Bxd5 36. cxd5 Bc5+ 37. Kf1 Be3 38. Rd1 Rd8 39. Ne5 Kf8 40.
b4 a4 41. Nc4 b5 42. Nxe3 fxe3 43. Ke2 Ke7 44. Kxe3 Kf6 45. Rc1 Ke5 46. Rc6 Re8
47. Re6+ Rxe6 48. dxe6 Kxe6 49. Kd4 Kd6 50. g4 g6 51. h4 h5 52. g5 Kc6 53. Ke5
Kd7 54. Kf6 Ke8 55. Ke6 Kf8 56. Kd7 Kg7 57. e5 Kh7 58. e6 Kg7 59. e7 Kh7 60.
e8=Q 1-0

[Event "European Youth Chess Championship G12"]
[Site "Prague, Top Hotel Prague"]
[Date "2016.08.22"]
[Round "5.35"]
[White "Kuhar, Larisa"]
[Black "Korenova, Simona"]
[Result "1/2-1/2"]
[WhiteElo "1378"]
[BlackElo "1612"]
[PlyCount "100"]
[EventDate "2016.08.18"]

1. e4 c5 2. Nf3 d6 3. d4 cxd4 4. Nxd4 Nf6 5. Nc3 g6 6. Be2 Bg7 7. O-O O-O 8.
Be3 Bd7 9. f4 Nc6 10. Qd2 a6 11. Bf3 Rc8 12. h3 Qc7 13. Kh1 Na5 14. Qf2 Nc4 15.
Bc1 Qb6 16. Nde2 Qxf2 17. Rxf2 b5 18. a3 Rfd8 19. g4 Bc6 20. g5 Nd7 21. b3 Ncb6
22. Bb2 Nc5 23. f5 Rf8 24. Ng3 Be5 25. Kg2 Bd7 26. Bg4 Nxb3 27. cxb3 Bxc3 28.
Bxc3 Rxc3 29. Rb1 Rfc8 30. f6 Bxg4 31. hxg4 e6 32. Rbb2 R3c5 33. Rbd2 Rd8 34.
Rc2 Rxc2 35. Rxc2 Rc8 36. Rd2 d5 37. exd5 Nxd5 38. Ne2 Ne3+ 39. Kf3 Nc2 40. Rd6
a5 41. Ra6 b4 42. a4 Na1 43. Nc1 h6 44. Ne2 hxg5 45. Rxa5 Nxb3 46. Rxg5 Ra8 47.
Rb5 Rxa4 48. Rb8+ Kh7 49. Rb7 Kg8 50. Rb8+ Kh7 1/2-1/2

[Event "European Youth Chess Championship G12"]
[Site "Prague, Top Hotel Prague"]
[Date "2016.08.22"]
[Round "5.36"]
[White "Stastna, Martina"]
[Black "Zarebska, Lena"]
[Result "0-1"]
[WhiteElo "1423"]
[BlackElo "1522"]
[PlyCount "88"]
[EventDate "2016.08.18"]

1. e4 c5 2. Nf3 Nc6 3. c3 e6 4. d4 cxd4 5. cxd4 Nf6 6. Nc3 Bb4 7. Bd3 O-O 8.
Bg5 Be7 9. O-O a6 10. a3 h6 11. Bh4 b5 12. Rc1 Bb7 13. Bb1 Na5 14. Qd3 g6 15.
Qc2 Rc8 16. Rfd1 Nxe4 17. Bxe7 Qxe7 18. Qd3 Ng5 19. Ne5 d6 20. Ng4 Kg7 21. Qe3
Nc4 22. Qg3 Nxb2 23. Re1 Nc4 24. a4 b4 25. Ne2 a5 26. Qd3 Be4 27. Qg3 Bxb1 28.
Rxb1 Nd2 29. Rb2 Nde4 30. Qd3 h5 31. Ne3 d5 32. Qa6 Ra8 33. Qd3 Rfc8 34. Nc1
Qd7 35. Ra2 Nc3 36. Ra1 Nxa4 37. Ne2 Nc3 38. Nc1 Qb5 39. Qd2 Nge4 40. Qb2 a4
41. Nc2 b3 42. Na3 Qb4 43. f3 Qxd4+ 44. Kh1 Nf2+ 0-1

[Event "European Youth Chess Championship G12"]
[Site "Prague, Top Hotel Prague"]
[Date "2016.08.22"]
[Round "5.37"]
[White "Bolu, Yagmur"]
[Black "Maziukaite, Kristina"]
[Result "1-0"]
[WhiteElo "1510"]
[BlackElo "1323"]
[PlyCount "59"]
[EventDate "2016.08.18"]

1. d4 Nf6 2. Bf4 g6 3. e3 Bg7 4. Nf3 d6 5. h3 Nbd7 6. Be2 c6 7. O-O Qc7 8. c4
O-O 9. Nc3 e5 10. Bh2 Re8 11. c5 dxc5 12. dxe5 Nxe5 13. Bxe5 Qe7 14. Bd6 Qe6
15. Bxc5 b6 16. Bd4 Rd8 17. Qc2 Bb7 18. Bxf6 Bxf6 19. a3 Rd6 20. Rad1 Rad8 21.
Ne4 Rxd1 22. Nxf6+ Qxf6 23. Rxd1 Rxd1+ 24. Bxd1 c5 25. Nd2 Qg5 26. Bf3 Bc8 27.
Ne4 Qe7 28. Qc3 Be6 29. Nf6+ Kf8 30. Nd5 1-0

[Event "European Youth Chess Championship G12"]
[Site "Prague, Top Hotel Prague"]
[Date "2016.08.22"]
[Round "5.39"]
[White "Skigelstrand, Live Jorgensen"]
[Black "Sild, Marta Pauliine"]
[Result "0-1"]
[WhiteElo "1525"]
[BlackElo "1239"]
[PlyCount "56"]
[EventDate "2016.08.18"]

1. d4 c5 2. d5 d6 3. e4 g6 4. Bb5+ Bd7 5. a4 a6 6. Bc4 Bg7 7. Nd2 Nf6 8. Ne2
O-O 9. Ng3 e6 10. O-O exd5 11. exd5 Re8 12. Nf3 Ng4 13. h3 Ne5 14. Nxe5 Bxe5
15. Bd3 f5 16. Ne2 Bc8 17. a5 Nd7 18. Ra2 Bg7 19. f3 Ne5 20. Nc3 b5 21. axb6
Qxb6 22. Na4 Qa7 23. Kh1 Qc7 24. c4 Rb8 25. b3 Qb7 26. Bc2 Qe7 27. f4 Nf7 28.
Re1 Qxe1+ 0-1

[Event "European Youth Chess Championship G12"]
[Site "Prague, Top Hotel Prague"]
[Date "2016.08.22"]
[Round "5.40"]
[White "Ruzic, Pia Marie"]
[Black "Maione, Melissa"]
[Result "1/2-1/2"]
[WhiteElo "1353"]
[BlackElo "1494"]
[PlyCount "94"]
[EventDate "2016.08.18"]

1. c4 e6 2. Nc3 Nf6 3. Nf3 d5 4. cxd5 exd5 5. g3 c6 6. e3 Bd6 7. Bg2 O-O 8. O-O
Re8 9. b3 Nbd7 10. Bb2 Nf8 11. Qc2 Ng6 12. d3 Qe7 13. Rfe1 Bf5 14. Nd4 Qd7 15.
Nxf5 Qxf5 16. e4 dxe4 17. dxe4 Qg5 18. Rad1 Bc7 19. Na4 Rad8 20. Rxd8 Rxd8 21.
Rd1 Rxd1+ 22. Qxd1 b5 23. Nc3 Qc5 24. Ne2 Bb6 25. Bd4 Qd6 26. Qa1 c5 27. Bc3
Qd3 28. Bxf6 gxf6 29. Nc3 Ne7 30. Nd5 Nxd5 31. exd5 Qf5 32. Qe1 Kf8 33. Qe4 Qg6
34. Qxg6 fxg6 35. Bf1 a6 36. a4 bxa4 37. bxa4 a5 38. Bc4 Ke7 39. f4 Kd6 40. Kf2
g5 41. Kf3 h6 42. h4 Bd8 43. h5 f5 44. Ke3 gxf4+ 45. gxf4 Bb6 46. Kf3 Bd8 47.
Ke3 Bb6 1/2-1/2

[Event "European Youth Chess Championship G12"]
[Site "Prague, Top Hotel Prague"]
[Date "2016.08.22"]
[Round "5.41"]
[White "Qasem, Huda"]
[Black "Datelova, Daniela"]
[Result "1/2-1/2"]
[WhiteElo "1459"]
[BlackElo "1340"]
[PlyCount "105"]
[EventDate "2016.08.18"]

1. e4 d5 2. exd5 Nf6 3. Nf3 Nxd5 4. d4 Nc6 5. c4 Nb6 6. d5 Na5 7. Qd4 c6 8. b4
Naxc4 9. Bxc4 cxd5 10. Bb3 Bf5 11. Nc3 e6 12. O-O Be7 13. Bb2 Bf6 14. Qd2 Rc8
15. Nb5 a6 16. Bxf6 gxf6 17. Nbd4 Be4 18. Qe2 Nc4 19. Bxc4 Rxc4 20. a3 Rg8 21.
g3 e5 22. Nb3 Rc3 23. Nbd2 Bd3 24. Qe1 Bxf1 25. Kxf1 Qd7 26. Nxe5 Qf5 27. Nec4+
Kd7 28. Ne3 Qd3+ 29. Kg1 Re8 30. Qd1 d4 31. Nd5 Rc6 32. Nb3 Qxd1+ 33. Rxd1 Rd6
34. Rxd4 Re1+ 35. Kg2 Ke8 36. Nf4 Rxd4 37. Nxd4 Ra1 38. Nc2 Ra2 39. Ne3 Rxa3
40. Nfd5 Kf8 41. Nxf6 Kg7 42. Nfd5 a5 43. bxa5 Rxa5 44. Kf3 b5 45. Nb4 Ra4 46.
Nec2 Kf6 47. Ke3 Ke6 48. Kd4 Kd6 49. h3 f6 50. g4 h6 51. f4 Ra7 52. Ne3 Rc7 53.
Nf5+ 1/2-1/2

[Event "European Youth Chess Championship G12"]
[Site "Prague, Top Hotel Prague"]
[Date "2016.08.22"]
[Round "5.42"]
[White "Villanyi, Alexia"]
[Black "Popovic, Mateja"]
[Result "1-0"]
[WhiteElo "1439"]
[BlackElo "1145"]
[PlyCount "85"]
[EventDate "2016.08.18"]

1. e4 e5 2. Nf3 Nc6 3. Nc3 d6 4. Bb5 Bd7 5. O-O Nf6 6. d3 Be7 7. Ne2 O-O 8. Ng3
a6 9. Bc4 Na5 10. Bd5 Nxd5 11. exd5 b6 12. Ne1 Qc8 13. h3 Re8 14. Nf3 Nb7 15.
Bg5 Qd8 16. Qd2 Bxg5 17. Nxg5 Qf6 18. N3e4 Qg6 19. Kh2 Rac8 20. Rae1 f6 21. Nf3
Qf7 22. c4 Bf5 23. Ng3 Bd7 24. d4 exd4 25. Qxd4 Qg6 26. Nh4 Qc2 27. f4 Qa4 28.
f5 Qxa2 29. Qg4 Rf8 30. Re7 Rf7 31. Rfe1 Rcf8 32. Nh5 Qxb2 33. Nxg7 Kh8 34. Nh5
Rg8 35. Qf4 Rxe7 36. Rxe7 Be8 37. Qh6 Qe5+ 38. Rxe5 dxe5 39. Ng6+ Bxg6 40. fxg6
Rxg6 41. Qf8+ Rg8 42. Qxf6+ Rg7 43. Qxg7# 1-0

[Event "European Youth Chess Championship G12"]
[Site "Prague, Top Hotel Prague"]
[Date "2016.08.22"]
[Round "5.43"]
[White "Rolinkova, Lucie"]
[Black "Djordjevic, Nevena"]
[Result "1-0"]
[WhiteElo "1274"]
[BlackElo "1431"]
[PlyCount "105"]
[EventDate "2016.08.18"]

1. e4 e5 2. Nf3 Nc6 3. Bc4 Be7 4. d4 d6 5. dxe5 dxe5 6. Qxd8+ Bxd8 7. O-O f6 8.
Nc3 Nge7 9. Be3 Na5 10. Be2 Be6 11. b3 O-O 12. Rad1 Nac6 13. a3 a6 14. Nd5 Rc8
15. Bc5 Re8 16. a4 Bf7 17. c4 Nb8 18. Rd2 b6 19. Ba3 c6 20. Bxe7 cxd5 21. Bxd8
Rexd8 22. exd5 Rc5 23. b4 Rcc8 24. Rc1 b5 25. axb5 axb5 26. c5 Bxd5 27. Bxb5
Nc6 28. Ba6 Ra8 29. Bb7 Rab8 30. b5 Nd4 31. Bxd5+ Rxd5 32. Nxd4 exd4 33. b6
Rdd8 34. c6 Rxb6 35. c7 Rc8 36. Rxd4 Kf7 37. Rd8 Rbb8 38. Rdd1 Rb7 39. Rd7+ Kg6
40. f3 Ra7 41. Kf2 f5 42. Ke3 Kf6 43. Kd4 Ra5 44. Rc6+ Kg5 45. Rxg7+ Kf4 46.
Rxh7 Ra4+ 47. Rc4 Ra7 48. Kd5+ Kg5 49. Rf7 Kg6 50. Ke6 Re8+ 51. Re7 Ra6+ 52.
Kd7 Raa8 53. Rxe8 1-0

[Event "European Youth Chess Championship G12"]
[Site "Prague, Top Hotel Prague"]
[Date "2016.08.22"]
[Round "5.44"]
[White "Subjakova, Kristina"]
[Black "Maresova, Michaela"]
[Result "0-1"]
[WhiteElo "1271"]
[BlackElo "1430"]
[PlyCount "86"]
[EventDate "2016.08.18"]

1. e4 c5 2. Nf3 Nc6 3. g3 g6 4. Bg2 Bg7 5. O-O d6 6. d3 Bd7 7. Nc3 Nf6 8. Be3
O-O 9. Qd2 Re8 10. Ne1 Qc8 11. f3 Be6 12. g4 b6 13. h3 d5 14. Bf4 dxe4 15. Nb5
Nd5 16. Bh2 e3 17. Qe2 a6 18. c4 axb5 19. cxd5 Bxd5 20. a3 Nd4 21. Qxe3 Nb3 22.
Qg5 Nxa1 23. Qxd5 Qe6 24. f4 Qxd5 25. Bxd5 Rad8 26. Ba2 Bxb2 27. f5 Rf8 28.
fxg6 hxg6 29. Bf4 e6 30. h4 Kh7 31. Kg2 Bc3 32. Nf3 Rxd3 33. Rc1 e5 34. Bg3 e4
35. Ng5+ Kg8 36. Nxe4 Bg7 37. Rf1 Re3 38. Kh1 Rxe4 39. Bd6 c4 40. Bxf8 Kxf8 41.
h5 Rxg4 42. hxg6 Rxg6 43. Bb1 Rf6 0-1